[Event "Krakow op-A 31st"]
[Site "Krakow"]
[Date "2021.01.02"]
[Round "7"]
[White "Wisniewski, Michal"]
[Black "Jarzebowski, Kacper"]
[Result "0-1"]
[WhiteElo "2156"]
[BlackElo "2107"]
[PlyCount "80"]
[EventDate "2020.12.27"]
[EventType "swiss"]
[EventRounds "9"]
[EventCountry "POL"]
[SourceTitle "CBM 200 Extra"]
[Source "ChessBase"]
[SourceDate "2021.03.31"]
[SourceVersion "1"]
[SourceVersionDate "2021.03.31"]
[SourceQuality "1"]

1. Nf3 e6 2. e4 d5 3. exd5 exd5 4. d4 Bg4 5. c4 Nf6 6. Bg5 dxc4 7. Bxc4 Bb4+ 8. Nc3 0-0 9. 0-0 Nbd7 10. a3 Bd6 11. Re1 c6 12. Qd3 Qc7 13. h3 Bh5 14. Rac1 Rfe8 15. Rxe8+ Rxe8 16. d5 Bf4 17. dxc6 Bxc1 18. cxd7 Qxd7 19. Qxd7 Nxd7 20. g4 Bxg5 21. Nxg5 Bg6 22. f4 h6 23. f5 hxg5 24. fxg6 Ne5 25. gxf7+ Nxf7 26. Nb5 Rd8 27. b3 Kf8 28. Nc7 Ke7 29. Nd5+ Kd6 30. Ne3 Ne5 31. Bd5 Kc5 32. Be6 Re8 33. b4+ Kd4 34. Nf5+ Kc3 35. Bd5 g6 36. Nd6 Rd8 37. Nb5+ Kb2 38. Bxb7 Rb8 39. Ba6 Rb6 40. Nc7 Rc6 0-1

[Event "Krakow op-A 31st"]
[Site "Krakow"]
[Date "2020.12.31"]
[Round "5"]
[White "Bablok, Maciej"]
[Black "Jarzebowski, Kacper"]
[Result "0-1"]
[WhiteElo "2130"]
[BlackElo "2107"]
[PlyCount "152"]
[EventDate "2020.12.27"]
[EventType "swiss"]
[EventRounds "9"]
[EventCountry "POL"]
[SourceTitle "CBM 200 Extra"]
[Source "ChessBase"]
[SourceDate "2021.03.31"]
[SourceVersion "1"]
[SourceVersionDate "2021.03.31"]
[SourceQuality "1"]

1. d4 Nf6 2. c4 e5 3. d5 Bc5 4. e3 d6 5. Nc3 0-0 6. Bd3 a5 7. Nge2 Na6 8. Ng3 Bb4 9. Bd2 Nc5 10. Qc2 Nxd3+ 11. Qxd3 Nd7 12. e4 Nc5 13. Qc2 Bd7 14. 0-0 Qe7 15. Be3 Bxc3 16. Qxc3 b6 17. Rae1 Rae8 18. Bxc5 dxc5 19. Qd3 g6 20. Rd1 Qd6 21. f3 Rb8 22. Rf2 Kg7 23. Qc3 f6 24. Rdf1 Rbe8 25. Ne2 h5 26. h4 Kg8 27. Qe3 Kh7 28. Nc3 Kg7 29. a4 Qe7 30. Rd1 Qd6 31. Rdf1 Kh7 32. b3 Kg7 33. Kh1 Qe7 34. Rd1 Qd6 35. Rdf1 Qe7 36. Rd1 f5 37. Qg5 Qxg5 38. hxg5 f4 39. d6 c6 40. Rfd2 h4 41. Ne2 Rh8 42. Ng1 Rd8 43. Kh2 Kf7 44. Nh3 Rh5 45. Rg1 Be6 46. Rgd1 Rd7 47. Rg1 Ke8 48. Rd3 Kd8 49. Rd2 Kc8 50. Rgd1 Kd8 51. Rg1 Rb7 52. Ra1 Kd7 53. Rd3 Rb8 54. Rd2 Bxh3 55. gxh3 Rxg5 56. Rg1 Rg3 57. Rd3 Rh8 58. Rgd1 Rh5 59. Rg1 Rhg5 60. Rdd1 Ke8 61. d7+ Kd8 62. Rxg3 hxg3+ 63. Kg2 Rh5 64. Rd6 Rh7 65. Rxc6 Rxd7 66. Rxb6 Rd2+ 67. Kg1 Rf2 68. Re6 Rxf3 69. Rxe5 Rxb3 70. Rxc5 Rb1+ 71. Kg2 Rb2+ 72. Kg1 f3 73. Rd5+ Ke7 74. Rd1 Rg2+ 75. Kf1 Rh2 76. Kg1 f2+ 0-1

[Event "POL-ch U20"]
[Site "Pokrzywna"]
[Date "2020.12.06"]
[Round "9"]
[White "Klim, Filip"]
[Black "Jarzebowski, Kacper"]
[Result "0-1"]
[WhiteElo "1897"]
[BlackElo "2107"]
[PlyCount "80"]
[EventDate "2020.11.30"]
[EventType "swiss"]
[EventRounds "9"]
[EventCountry "POL"]
[SourceTitle "CBM 199 Extra"]
[Source "ChessBase"]
[SourceDate "2021.01.31"]
[SourceVersion "1"]
[SourceVersionDate "2021.01.31"]
[SourceQuality "1"]

1. e4 c5 2. Nf3 a6 3. c4 d6 4. d4 Nf6 5. Nc3 cxd4 6. Nxd4 e6 7. Be2 Nbd7 8. 0-0 b6 9. f4 Bb7 10. Bf3 Qc7 11. Qe2 Rc8 12. b3 h5 13. Bd2 Be7 14. Rfe1 Kf8 15. Rac1 Qb8 16. Qf2 Nc5 17. Qf1 Qa8 18. Qe2 g6 19. b4 Ncd7 20. e5 Bxf3 21. Nxf3 dxe5 22. fxe5 Ng4 23. h3 Nh6 24. Bxh6+ Rxh6 25. Qd2 g5 26. Qxd7 g4 27. hxg4 hxg4 28. Nh2 Rd8 29. Qc7 Bxb4 30. Nxg4 Bc5+ 31. Nf2 Rd2 32. Ne2 Rg6 33. Nf4 Bxf2+ 34. Kf1 Rh6 35. Re2 Rxe2 36. Qd6+ Kg8 37. Kxe2 Qe4+ 38. Kd2 Qxf4+ 39. Kc2 Qxc4+ 40. Kb1 Qe4+ 0-1